000 00483cam a22002051 4500
001 sa 64004545
003 DLC
005 20260227112025.0
008 881102s1963 xx 000 0 hino
010 _asa 64004545
035 _a(OCoLC)23559339
040 _aDLC
_cMiU
_dDLC
042 _apremarc
050 0 0 _aPK2098.P3137
_bK3
100 1 _aPāṇḍeya, Aniruddha.
245 1 0 _aKāyā kī māyā.
260 _c[1963]
300 _a389 p.
_c19 cm.
500 _aRomanized.
999 _c58582
_d58582